Correspondance. (Record no. 186426)

MARC details
000 -LEADER
campo de control de longitud fija 01111nam a2200277 i 4500
001 - NÚMERO DE CONTROL
campo de control 186426
003 - IDENTIFICADOR DE NÚMERO DE CONTROL
campo de control SpMaBN
005 - FECHA Y HORA DE LA ÚLTIMA TRANSACCIÓN
campo de control 20240128062951.0
008 - DATOS DE LONGITUD FIJA--INFORMACIÓN GENERAL
campo de control de longitud fija 161111s1992 fr |||| |bfre d
020 ## - NÚMERO INTERNACIONAL ESTÁNDAR DEL LIBRO
Número Internacional Estándar del Libro 2-07-010667-5
080 ## - NÚMERO DE LA CLASIFICACIÓN DECIMAL UNIVERSAL
Número de la Clasificación Decimal Universal 821.133.1-6"18"
080 ## - NÚMERO DE LA CLASIFICACIÓN DECIMAL UNIVERSAL
Número de la Clasificación Decimal Universal 929 Flaubert, Gustave
100 1# - ENTRADA PRINCIPAL--NOMBRE DE PERSONA
Nombre de persona Flaubert, Gustave,
Fechas asociadas al nombre 1821-1880
9 (RLIN) 51134
245 10 - MENCIÓN DEL TÍTULO
Título Correspondance.
Número de parte o sección de la obra I,
Nombre de parte o sección de la obra (janvier 1830 à juin 1851) /
Mención de responsabilidad, etc. Flaubert ; édition établie, présentée et annotée par Jean Bruneau.
260 ## - PUBLICACIÓN, DISTRIBUCIÓN, ETC.
Lugar de publicación, distribución, etc. [Paris] :
Nombre del editor, distribuidor, etc. Gallimard,
Fecha de publicación, distribución, etc. [1992]
300 ## - DESCRIPCIÓN FÍSICA
Extensión 1 v. (XXXIX, 1183 p.) ;
Dimensiones 18 cm.
490 1# - MENCIÓN DE SERIE
Mención de serie Bibliothèque de la Pléiade ;
Designación de volumen o secuencia 244
500 ## - NOTA GENERAL
Nota general Cronología.
504 ## - NOTA DE BIBLIOGRAFÍA, ETC.
Nota de bibliografía, etc. Bibliografía: p. [1157]-1162.
505 8# - NOTA DE CONTENIDO CON FORMATO
Nota de contenido con formato Contiene: v. 1 ;
Título Les lettres de Flaubert et de quelques correspondants de janvier 1830 à juin 1851
600 14 - PUNTO DE ACCESO ADICIONAL DE MATERIA--NOMBRE DE PERSONA
Nombre de persona Flaubert, Gustave,
Fechas asociadas al nombre 1821-1880-
Subdivisión general Correspondencia
9 (RLIN) 51135
700 1# - ENTRADA AGREGADA--NOMBRE PERSONAL
Nombre de persona Bruneau, Jean.
9 (RLIN) 161211
830 0# - PUNTO DE ACCESO ADICIONAL DE SERIE-TÍTULO UNIFORME
Título uniforme Bibliothèque de la Pléiade ;
Designación de volumen o secuencia 244
9 (RLIN) 180233
852 ## - LOCALIZACIÓN
Ubicación ES-MaACL
Número de control de estantería L-30784
Nota libre - enc. guaflex
-- . - Donat. Miguel A. Velasco
Holdings
Estatus retirado Estado de pérdida Estado de daño No para préstamo Biblioteca de origen Biblioteca actual Ubicación en estantería Fecha de adquisición Fuente de adquisición Total de préstamos Signatura topográfica completa Código de barras Visto por última vez Precio de reemplazo Tipo de ítem Koha
        Biblioteca del Ateneo de Madrid Biblioteca del Ateneo de Madrid Depósito 2 11/11/2016     L-30784 1196591 23/02/2023 23/02/2023 Libro impreso